Степень безопасного функционирования технологических установок кондиционирования радиоактивных отходов; Атомная энергия; Т. 97, вып. 3

Bibliografiske detaljer
Parent link:Атомная энергия: теоретический и научно-технический журнал/ Российская академия наук ; Министерство РФ по атомной энергии, ядерного общества.— , 1956-.— 0004-7163
Т. 97, вып. 3.— 2004.— с. 219-222
Andre forfattere: Пузанов Ю. В., Пантелеев В. И., Арустамов А. Э., Семенова И. В.
Sprog:russisk
Udgivet: 2004
Serier:Научно-технические сообщения
Fag:
Format: MixedMaterials Book Chapter
KOHA link:https://koha.lib.tpu.ru/cgi-bin/koha/opac-detail.pl?biblionumber=426122

MARC

LEADER 00000naa2a2200000 4500
001 426122
005 20231101074506.0
035 |a (RuTPU)RU\TPU\prd\84805 
035 |a RU\TPU\prd\30350 
090 |a 426122 
100 |a 20100629a2004 k y0rusy50 ca 
101 0 |a rus 
102 |a RU 
200 1 |a Степень безопасного функционирования технологических установок кондиционирования радиоактивных отходов  |f Ю. В. Пузанов, В. И. Пантелеев, А. Э. Арустамов, И. В. Семенова 
225 1 |a Научно-технические сообщения 
320 |a Библиогр.: 2назв. 
461 1 |0 (RuTPU)RU\TPU\prd\33  |x 0004-7163  |t Атомная энергия  |o теоретический и научно-технический журнал  |f Российская академия наук ; Министерство РФ по атомной энергии, ядерного общества  |d 1956- 
463 1 |0 (RuTPU)RU\TPU\prd\84790  |t Т. 97, вып. 3  |v с. 219-222  |d 2004 
610 1 |a радиоактивные отходы 
610 1 |a кондиционирование 
610 1 |a функционирование 
610 1 |a безопасность 
610 1 |a технологические устанавки 
675 |a 621.039.583  |v 3 
701 1 |a Пузанов  |b Ю. В. 
701 1 |a Пантелеев  |b В. И. 
701 1 |a Арустамов  |b А. Э. 
701 1 |a Семенова  |b И. В. 
801 1 |a RU  |b 63413507  |c 20041124  |g PSBO 
801 2 |a RU  |b 63413507  |c 20100629  |g RCR 
942 |c BK